书目信息 |
| 题名: |
走出山寨
|
|
| 作者: | 陈智鹏 编著 | |
| 分册: | ||
| 出版信息: | 北京 人民邮电出版社 2010.01 |
|
| 页数: | 322页 | |
| 开本: | 24cm | |
| 丛书名: | 移动开发系列 | |
| 单 册: | ||
| 中图分类: | TN929.53 | |
| 科图分类: | ||
| 主题词: | 移动电话机--Yi Dong Dian Hua Ji--芯片--开发--指南 | |
| 电子资源: | ||
| ISBN: | 978-7-115-21668-7 | |
| 000 | 01601nam 2200253 450 | |
| 001 | 0011265546 | |
| 005 | 20100607103740.29 | |
| 010 | @a978-7-115-21668-7@dCNY49.00 | |
| 100 | @a20100515d2010 em y0chiy0110 ea | |
| 101 | 0 | @achi |
| 102 | @aCN@b110000 | |
| 105 | @aa z 000yy | |
| 200 | 1 | @a走出山寨@Azou chu shan zhai@eMTK芯片开发指南@f陈智鹏编著 |
| 210 | @a北京@c人民邮电出版社@d2010.01 | |
| 215 | @a322页@c图@d24cm | |
| 225 | 2 | @a移动开发系列@AYi Dong Kai Fa Xi Lie |
| 330 | @aMTK平台是联发科公司推出的一种新型的手机设计解决方案,到目前为止,它已经成为了国产手机生成厂商首选的平台,其高度的模块集成特性、快捷的出货速度和低廉的价格优势催生了中国大陆数量庞大的手机研发公司,它创造了这个时代最响亮的名词:“山寨”,并引领了从2006年以来山寨机的潮流。MTK平台的特殊性使得初次接触的开发人员上手困难,而相关资料的缺乏让广大MTK爱好者也无法完整和准确地研究该平台。本书全面地介绍了MTK应用开发的基础知识,它不仅向读者阐述了MTK上层应用开发的方方面面,而且还阐述了底层的驱动原理和具体设计。本书旨在帮助读者在较短的时间里对MTK平台开发获得全面深刻的理解与认识,从而使读者更好地把握MTK平台开发的特点和重点,为读者以后的手机设计生涯打下坚实的基础。另外,本书的所有实例都经过实际的测试,跟随本书完成所有的实例能帮助读者在掌握理论的同时,获得更多的实际经验。 | |
| 333 | @a适合作为广大专科、本科院校,编程培训中心等的学习教材和辅导教材,也适合作为广大移动开发编程爱好者的自学参考资料。 | |
| 410 | 0 | @12001 @a移动开发系列 |
| 606 | 0 | @a移动电话机@AYi Dong Dian Hua Ji@x芯片@x开发@j指南 |
| 690 | @aTN929.53@v4 | |
| 701 | 0 | @a陈智鹏@Achen zhi peng@4编著 |
| 801 | 0 | @aCN@c20100515 |
| 905 | @dTN929.53@eC6501@f3 | |
| 走出山寨:MTK芯片开发指南/陈智鹏编著.-北京:人民邮电出版社,2010.01 |
| 322页:图;24cm.-(移动开发系列) |
| 使用对象:适合作为广大专科、本科院校,编程培训中心等的学习教材和辅导教材,也适合作为广大移动开发编程爱好者的自学参考资料。 |
| ISBN 978-7-115-21668-7:CNY49.00 |
| MTK平台是联发科公司推出的一种新型的手机设计解决方案,到目前为止,它已经成为了国产手机生成厂商首选的平台,其高度的模块集成特性、快捷的出货速度和低廉的价格优势催生了中国大陆数量庞大的手机研发公司,它创造了这个时代最响亮的名词:“山寨”,并引领了从2006年以来山寨机的潮流。MTK平台的特殊性使得初次接触的开发人员上手困难,而相关资料的缺乏让广大MTK爱好者也无法完整和准确地研究该平台。本书全面地介绍了MTK应用开发的基础知识,它不仅向读者阐述了MTK上层应用开发的方方面面,而且还阐述了底层的驱动原理和具体设计。本书旨在帮助读者在较短的时间里对MTK平台开发获得全面深刻的理解与认识,从而使读者更好地把握MTK平台开发的特点和重点,为读者以后的手机设计生涯打下坚实的基础。另外,本书的所有实例都经过实际的测试,跟随本书完成所有的实例能帮助读者在掌握理论的同时,获得更多的实际经验。 |
| ● |
| 相关链接 |
|
|
|
正题名:走出山寨
索取号:TN929.53/C6501
 
预约/预借
| 序号 | 登录号 | 条形码 | 馆藏地/架位号 | 状态 | 备注 |